Songtext - Adel Tawil - Lieder - Statistiken

Allgemein
  • Dieses Quiz wurde 402 mal gespielt
  • Das Durchschnittsergebnis liegt bei 285 aus 359
Antwortstatistiken
Textquiz % Korrekt
Ich
99%
ich
99%
ein
98%
in
97%
In
97%
mit
97%
War
96%
war
96%
wie
96%
die
94%
hab'
94%
ging
93%
Ägypter
92%
für
92%
geweint
92%
Und
92%
und
92%
den
91%
Stein
91%
Tauben
91%
Im
90%
im
90%
Lieder
90%
mich
90%
diese
89%
rollender
89%
Augen
88%
singe
88%
Tränen
88%
mein
87%
Mein
87%
So
87%
nicht
86%
Tanz'
85%
nie
83%
Held
82%
sang
82%
Sonne
82%
es
81%
glauben
81%
Welt
81%
allein
80%
Maria
80%
sein
80%
kann
79%
lila
79%
will
79%
Wir
79%
wir
79%
immer
78%
lässt
78%
Regen
78%
steh'
78%
Dornenwald
77%
lieben
77%
liess
77%
'84
76%
Feuerstarter
76%
meine
76%
wird
76%
Armen
75%
Bochum
75%
deinen
75%
Michael
75%
dann
71%
Dann
71%
doch
71%
Tag
71%
untergeh'n
71%
dann
70%
meiner
70%
starb
69%
für'n
68%
der
66%
einer
66%
Whitney
66%
EMF
64%
König
64%
Rio
63%
sie
63%
bin
62%
Ewigkeit
62%
Land
62%
uns
62%
von
62%
Dschungel
61%
eigenen
61%
fremd
61%
Jungs
61%
'ne
61%
auf
60%
fünf
60%
Jesus
60%
Hand
59%
stand
59%
Flammen
58%
noch
58%
nur
58%
persönlicher
58%
Stern
58%
Voodoo-Kind
58%
werd'
58%
Zeit
58%
Darauf
57%
erinnerte
57%
hielt
57%
kommen
57%
selben
57%
traf
57%
vom
57%
waren
57%
Welten
57%
Baby
56%
Bowie
56%
Cover
56%
entfernt
56%
lange
56%
soll
56%
unendlich
56%
Wann
56%
willkommen
56%
Gehirn
55%
Verlierer
55%
vorbei
55%
war's
55%
am
54%
aus
54%
berühmt
54%
Ende
54%
frage
54%
Strasse
54%
total
54%
sagte
53%
angelangt
52%
mir
52%
Kurt
51%
Cobain
49%
wollen
49%
singen
47%
Tanzen
46%
One
45%
Minute
44%
jetzt
41%
steh'n
41%
Mönch
38%
Denn
27%
wundervoll'n
26%
Keine übereinstimmenden Quizze gefunden
Verteilung der Resultate
Anzahl Personen mit jedem Resultat
Perzentil nach korrekt beantworteten Fragen
Ihre Resultats-Entwicklung
Sie haben dieses Quiz noch nicht gespielt